| 000 | 00740cam a22002773a 4500 | ||
|---|---|---|---|
| 001 | 0000665 | ||
| 003 | DO-SdBNP | ||
| 005 | 20180125111115.0 | ||
| 007 | 0000665 | ||
| 008 | 861112 1971 sp 000 0 spa d | ||
| 010 | _a | ||
| 040 |
_aBPMSU _cspa _dBPMSU _d |
||
| 100 | 1 |
_aAlarcos Llorach, Emilio, _d1922- |
|
| 245 | 1 | 0 |
_aFonología española / _cEmilio Alarcos Llorach. |
| 250 | _a4a. ed. aum. y rev. | ||
| 260 |
_aMadrid : _bGredos, _c1971. |
||
| 300 |
_a290 ; _c20 cm. |
||
| 490 | 1 | _aBiblioteca romántica hispánica | |
| 500 | _a | ||
| 504 | _aBibliografia p: 291-304 | ||
| 600 | 0 | 0 |
_a _x |
| 830 | 0 | _aBiblioteca romántica hispánica | |
| 942 |
_2ddc _cBK |
||
| 945 | _aInventariado, 2018 /LP | ||
| 956 |
_aYLOCKWARD _b10 |
||
| 999 |
_c11348 _d11348 |
||